| 000 | 00642cam a22002291 4500 | ||
|---|---|---|---|
| 001 | sa 67006580 | ||
| 003 | DLC | ||
| 005 | 20260227112409.0 | ||
| 008 | 830418s1967 ii c 001 0 eng | ||
| 010 | _asa 67006580 | ||
| 025 | _aPL480:I-E-8599 | ||
| 040 |
_aDLC _cCtY _dDLC |
||
| 043 | _aa-ii--- | ||
| 050 | 0 | 0 |
_aDS485.H9 _bR3 |
| 082 | 0 | 0 | _a320.9/54/84 |
| 100 | 0 |
_aRamananda Tirtha _cSwami, _d1903-1972. |
|
| 245 | 1 | 0 | _aMemoirs of Hyderabad freedom struggle. |
| 260 |
_aBombay, _bPopular Prakashan _c[1967] |
||
| 300 |
_aviii, 247 p. _bport. _c23 cm. |
||
| 350 | _a22.50 | ||
| 651 | 0 |
_aHyderabad (India : State) _xPolitics and government. |
|
| 999 |
_c76052 _d76052 |
||